000
00307nam a22001217a 4500
008
211127b ||||| |||| 00| 0 eng d
020
_a
9789386446831
050
_a
302
_b
1
245
_a
An Introduction To Social Psychology
260
_a
New Delhi
_b
SAGE Publications
_c
2018
300
_a
1
942
_2
ddc
_c
BK
999
_c
11919
_d
11919